Στα παλάτια της Κνωσού : ιστορικό μυθιστόρημα για παιδιά
Αποθηκεύτηκε σε:
| Κύριος συγγραφέας: | |
|---|---|
| Μορφή: | Βιβλίο |
| Γλώσσα: | Greek |
| Δημοσίευση: |
Αθήνα :
Ελένη Ν.Καζαντζάκη,
1981
|
| Ετικέτες: |
Προσθήκη ετικέτας
Δεν υπάρχουν, Καταχωρήστε ετικέτα πρώτοι!
|
MARC
| LEADER | 00000cam a2200000 i 4500 | ||
|---|---|---|---|
| 001 | 1/61391 | ||
| 008 | 960710s1981 gr | ||| |||| ||gre|| | ||
| 035 | |l 10028886 | ||
| 040 | |a GR-MY-UA |b gre |e aacr | ||
| 041 | 0 | |a gre | |
| 082 | 0 | |a 889.3 | |
| 100 | 1 | |a Καζαντζάκης, Νίκος, |d 1883-1957. | |
| 245 | 1 | 0 | |a Στα παλάτια της Κνωσού : |b ιστορικό μυθιστόρημα για παιδιά / |c Νίκος Καζαντζάκης |
| 260 | |a Αθήνα : |b Ελένη Ν.Καζαντζάκη, |c 1981 | ||
| 300 | |a 450 σ. | ||
| 852 | |a INST |b CHIOS |e 19960710 |h 889.3 ΚΑΖ |p 005200007264 |q 005200007264 |t BK |y 0 | ||
| 909 | |a Χ |b 016296 | ||